Dynamical processes on complex networks
Saved in:
| Main Authors: | , , |
|---|---|
| Format: | Book |
| Language: | English |
| Published: |
Cambridge
Cambridge University Press
2011
|
| Edition: | 1a. ed |
| Subjects: | |
| Tags: |
Add Tag
No Tags, Be the first to tag this record!
|
MARC
| LEADER | 00000cam a2200000 a 4500 | ||
|---|---|---|---|
| 001 | UCE3429 | ||
| 003 | CL-VaPUC | ||
| 008 | 140905e20110000uk |||||||||||||||||eng|d | ||
| 020 | |a 9780521879507 | ||
| 082 | 0 | 4 | |a 004.6 |b BAR |2 21 |
| 100 | 0 | |a Barrat, Alain |e author |9 575900 | |
| 700 | 0 | |a Barthélemy, Marc |e author |9 575901 | |
| 700 | 0 | |a Vespignani, Alessandro |e author |9 575902 | |
| 245 | 1 | 0 | |a Dynamical processes on complex networks |
| 250 | |a 1a. ed | ||
| 300 | |a 347 p | ||
| 942 | |c BK | ||
| 945 | |d 20140905 00:55:00 |a dcastane | ||
| 260 | |a Cambridge |b Cambridge University Press |c 2011 | ||
| 650 | 0 | |a Análisis de datos |9 269871 | |
| 650 | 0 | |a Análisis matemático |9 260146 | |
| 650 | 7 | |a REDES |2 CL-VaPUC |9 366308 | |
| 650 | 0 | |a Análisis de redes |9 260875 | |
| 583 | |a last modification |c 20140909 03:18:55 |k Rodrigo Vera | ||
| 999 | |c 356725 |d 356723 | ||
| 952 | |0 0 |1 0 |3 erd |4 0 |6 004_600000000000000_BAR_2011 |7 0 |8 A |9 464285 |a BIBING |b BIBING |i 5112125 |o 004.6 BAR 2011 |p 5112125 |r 2024-01-25 |w 2019-11-23 |y BK |z Catalogado en:20140905 |k EII | ||